[Event "Riadh Rapid op"]
[Site "Riadh"]
[Date "2023.03.18"]
[Round "7"]
[White "El Gindy, Essam"]
[Black "El Jawich, Amro"]
[Result "1-0"]
[WhiteElo "2407"]
[BlackElo "2299"]
[PlyCount "85"]
[EventDate "2023.03.17"]
[EventType "swiss (rapid)"]
[EventRounds "9"]
[EventCountry "SAU"]
[SourceTitle "CBM 213 Extra"]
[Source "ChessBase"]
[SourceDate "2023.05.31"]
[SourceVersion "1"]
[SourceVersionDate "2023.05.31"]
[SourceQuality "1"]

1. d4 Nf6 2. c4 g6 3. Nc3 Bg7 4. e4 d6 5. h3 0-0 6. Be3 e5 7. d5 a5 8. g4 Na6 9. Nge2 c6 10. Ng3 cxd5 11. cxd5 Nc5 12. Be2 a4 13. Qd2 Qa5 14. f3 Bd7 15. h4 b5 16. h5 b4 17. Nd1 b3 18. g5 Qxd2+ 19. Kxd2 Nxh5 20. Nxh5 gxh5 21. a3 f5 22. gxf6 Rxf6 23. Nc3 Bh6 24. Rag1+ Kh8 25. Rxh5 Bxe3+ 26. Kxe3 Rg8 27. Rgh1 Rf7 28. Rh6 Nb7 29. Ba6 Nc5 30. Be2 Nb7 31. Kf2 Rgf8 32. Nd1 Bg4 33. Ke1 Bd7 34. Ne3 Kg8 35. Nc4 Bb5 36. Nxe5 dxe5 37. Bxb5 Rxf3 38. Rxh7 Nd6 39. Bd7 Re3+ 40. Kd1 Rf2 41. Be6+ Kf8 42. Rd7 Rd3+ 43. Ke1 1-0

[Event "Riadh Rapid op"]
[Site "Riadh"]
[Date "2023.03.17"]
[Round "5"]
[White "Amin, Bassem"]
[Black "El Gindy, Essam"]
[Result "1-0"]
[WhiteElo "2692"]
[BlackElo "2407"]
[PlyCount "58"]
[EventDate "2023.03.17"]
[EventType "swiss (rapid)"]
[EventRounds "9"]
[EventCountry "SAU"]
[SourceTitle "CBM 213 Extra"]
[Source "ChessBase"]
[SourceDate "2023.05.31"]
[SourceVersion "1"]
[SourceVersionDate "2023.05.31"]
[SourceQuality "1"]

1. e4 c5 2. Nf3 Nc6 3. Bb5 Nf6 4. Nc3 Qc7 5. 0-0 e5 6. d3 Be7 7. Nh4 Nd4 8. f4 Nxb5 9. Nxb5 Qb6 10. fxe5 Qxb5 11. exf6 Bxf6 12. Nf5 0-0 13. Nd6 Qa4 14. Kh1 Bd4 15. Qe2 Qc6 16. Bf4 f6 17. c3 Be5 18. Bxe5 fxe5 19. Rxf8+ Kxf8 20. Rf1+ Ke7 21. Nf5+ Kd8 22. Nxg7 Qg6 23. Rf8+ Ke7 24. Rg8 Kf7 25. Nf5 Kxg8 26. Ne7+ Kg7 27. Nxg6 hxg6 28. Qf2 d6 29. Qh4 Kf7 1-0

[Event "Africa-ch"]
[Site "Hammamet"]
[Date "2019.07.17"]
[Round "9"]
[White "Bellahcene, Bilel"]
[Black "El Gindy, Essam"]
[Result "0-1"]
[WhiteElo "2541"]
[BlackElo "2423"]
[PlyCount "194"]
[EventDate "2019.07.09"]
[EventType "swiss"]
[EventRounds "9"]
[EventCountry "TUN"]
[SourceTitle "CBM 191 Extra"]
[Source "ChessBase"]
[SourceDate "2019.09.30"]
[SourceVersion "1"]
[SourceVersionDate "2019.09.30"]
[SourceQuality "1"]

1. e4 c5 2. Nf3 Nc6 3. d4 cxd4 4. Nxd4 Qb6 5. Nb3 Nf6 6. Nc3 e6 7. Be3 Qc7 8. Qe2 Bb4 9. Bd2 0-0 10. Nb5 Qe5 11. c3 Be7 12. f3 a6 13. N5d4 d5 14. exd5 Qxd5 15. Nxc6 Qxc6 16. g3 e5 17. Bg2 Re8 18. 0-0 Be6 19. Rfe1 Bxb3 20. axb3 Qb6+ 21. Be3 Qxb3 22. Bf2 Bf8 23. Ra5 Rad8 24. Rc1 h6 25. h4 Bd6 26. Qc2 Qxc2 27. Rxc2 Bc7 28. Ra1 Rd3 29. Re1 Red8 30. Rce2 Rd2 31. Kf1 R2d3 32. Re3 R3d7 33. Bh3 Rd2 34. R3e2 a5 35. Bf5 b6 36. Rxd2 Rxd2 37. Re2 Rd1+ 38. Re1 Rxe1+ 39. Kxe1 Ne8 40. Be4 Kf8 41. Ke2 Ke7 42. g4 Nf6 43. Bb7 h5 44. gxh5 Nxh5 45. Kd3 b5 46. b4 Nf4+ 47. Kc2 axb4 48. cxb4 Bd6 49. Bc6 Bxb4 50. Bxb5 Kf6 51. Bc4 g6 52. Kd1 Bc3 53. Be3 Nh5 54. Ke2 Ng3+ 55. Kd3 Be1 56. Bb6 Nf5 57. Bd8+ Kg7 58. Bc7 f6 59. h5 gxh5 60. f4 exf4 61. Bxf4 Kg6 62. Ke4 Bh4 63. Bd3 Ng7 64. Kf3+ f5 65. Bb5 Bg5 66. Be5 Bf6 67. Bd6 Ne6 68. Bd7 Nd4+ 69. Kg3 h4+ 70. Kh3 Nf3 71. Bf4 Bg5 72. Bc7 Ng1+ 73. Kg2 Ne2 74. Be8+ Kg7 75. Bd7 Kf6 76. Bd8+ Kg6 77. Be8+ Kh6 78. Bc7 Bf6 79. Bb5 Nc3 80. Bc4 Kg5 81. Kf3 Ne4 82. Bf7 Nd2+ 83. Ke2 Bc3 84. Bd8+ Kg4 85. Bd5 h3 86. Bb6 Ne4 87. Bxe4 fxe4 88. Kf2 Be1+ 89. Kg1 Bg3 90. Kh1 Kf3 91. Bc5 Bf2 92. Bb4 e3 93. Kh2 Kg4 94. Bc5 Bg3+ 95. Kg1 e2 96. Bb4 Kf3 97. Ba5 Ke3 0-1

[Event "Arab-ch"]
[Site "Dubai"]
[Date "2018.12.01"]
[Round "5"]
[White "El Gindy, Essam"]
[Black "Al Ghamdi, Ahmed M"]
[Result "1-0"]
[WhiteElo "2457"]
[BlackElo "2075"]
[PlyCount "75"]
[EventDate "2018.11.28"]
[EventType "swiss"]
[EventRounds "9"]
[EventCountry "UAE"]
[SourceTitle "CBM 187 Extra"]
[Source "ChessBase"]
[SourceDate "2018.11.04"]
[SourceVersion "1"]
[SourceVersionDate "2018.11.04"]
[SourceQuality "1"]

1. d4 Nf6 2. c4 d6 3. Nc3 Nbd7 4. Bg5 h6 5. Bh4 g5 6. Bg3 Nh5 7. e3 Nxg3 8. hxg3 Bg7 9. Bd3 e5 10. Nge2 c6 11. Qc2 Nf6 12. 0-0-0 Qa5 13. Kb1 Be6 14. f3 0-0-0 15. d5 Bd7 16. dxc6 Bxc6 17. Nd5 Bxd5 18. cxd5+ Kb8 19. e4 Rc8 20. Qd2 Qb6 21. g4 Nd7 22. Ng3 Nc5 23. Nf5 Bf8 24. Rc1 a5 25. Ka1 f6 26. Rc4 Rh7 27. Be2 Rhc7 28. Rhc1 a4 29. Kb1 Qa7 30. Qb4 Rh7 31. Qb5 Rhc7 32. R4c3 b6 33. Ne3 Kb7 34. Nc4 Qa6 35. Qxa6+ Nxa6 36. Na5+ Kb8 37. Bxa6 Rxc3 38. bxc3 1-0

[Event "Africa-ch"]
[Site "Livingstone"]
[Date "2018.05.18"]
[Round "6"]
[White "Phiri, Richmond"]
[Black "El Gindy, Essam"]
[Result "0-1"]
[WhiteElo "2317"]
[BlackElo "2453"]
[PlyCount "78"]
[EventDate "2018.05.13"]
[EventType "swiss"]
[EventRounds "9"]
[EventCountry "ZAM"]
[SourceTitle "CBM 184 Extra"]
[Source "ChessBase"]
[SourceDate "2018.06.28"]
[SourceVersion "1"]
[SourceVersionDate "2018.06.28"]
[SourceQuality "1"]

1. d4 Nf6 2. c4 e6 3. g3 c5 4. Nf3 cxd4 5. Nxd4 d5 6. Bg2 e5 7. Nc2 d4 8. 0-0 Nc6 9. Nd2 a5 10. Ne1 Bd6 11. Nd3 0-0 12. b3 Bf5 13. f3 Bg6 14. Nf2 Bb4 15. Bb2 Qb6 16. Kh1 Rad8 17. Nde4 Nd7 18. Nd3 Be7 19. g4 Nc5 20. Nexc5 Bxc5 21. f4 exf4 22. Nxf4 Nb4 23. Ba3 Nc2 24. Bxc5 Qxc5 25. Nxg6 Ne3 26. Qd3 hxg6 27. Rg1 b6 28. Bf3 g5 29. a3 Rd6 30. Rg3 Re8 31. Kg1 g6 32. a4 Nc2 33. Rb1 Nb4 34. Qd2 d3+ 35. e3 Rxe3 36. Kg2 Rde6 37. Qc3 Re2+ 38. Bxe2 Rxe2+ 39. Kh3 Nd5 0-1

[Event "Africa-ch"]
[Site "Livingstone"]
[Date "2018.05.16"]
[Round "5"]
[White "El Gindy, Essam"]
[Black "Mabusela, Johannes Manyedi"]
[Result "1-0"]
[WhiteElo "2453"]
[BlackElo "2260"]
[PlyCount "41"]
[EventDate "2018.05.13"]
[EventType "swiss"]
[EventRounds "9"]
[EventCountry "ZAM"]
[SourceTitle "CBM 184 Extra"]
[Source "ChessBase"]
[SourceDate "2018.06.28"]
[SourceVersion "1"]
[SourceVersionDate "2018.06.28"]
[SourceQuality "1"]

1. d4 Nf6 2. c4 e6 3. Nf3 b6 4. g3 Ba6 5. Qb3 d5 6. cxd5 Qxd5 7. Qc2 c5 8. Nc3 Qd8 9. Bg2 Bb7 10. 0-0 Nbd7 11. Rd1 Qc8 12. Bg5 Be7 13. Rac1 0-0 14. e4 h6 15. Bf4 cxd4 16. Nxd4 Nh5 17. Be3 Ne5 18. Qe2 Nf6 19. Nd5 Qe8 20. Nc7 Qa4 21. b3 1-0

[Event "Africa-ch"]
[Site "Livingstone"]
[Date "2018.05.14"]
[Round "2"]
[White "El Gindy, Essam"]
[Black "Chumfwa, Kelvin"]
[Result "1-0"]
[WhiteElo "2453"]
[BlackElo "2279"]
[PlyCount "67"]
[EventDate "2018.05.13"]
[EventType "swiss"]
[EventRounds "9"]
[EventCountry "ZAM"]
[SourceTitle "CBM 184 Extra"]
[Source "ChessBase"]
[SourceDate "2018.06.28"]
[SourceVersion "1"]
[SourceVersionDate "2018.06.28"]
[SourceQuality "1"]

1. d4 Nf6 2. c4 e6 3. Nf3 b6 4. e3 Bb7 5. Bd3 Bb4+ 6. Nbd2 0-0 7. 0-0 d5 8. cxd5 exd5 9. Qc2 Bd6 10. b3 Nbd7 11. Bb2 Re8 12. Rac1 Ne4 13. Bb5 Re6 14. Nxe4 dxe4 15. Ne5 Nxe5 16. dxe5 Bxe5 17. Bxe5 Rxe5 18. Qxc7 Re7 19. Qxd8+ Rxd8 20. Rfd1 Rxd1+ 21. Rxd1 g6 22. h4 Kg7 23. Rd6 Bc8 24. Kh2 Rc7 25. Kg3 Rc5 26. Bc4 b5 27. Rd5 Rxd5 28. Bxd5 f5 29. Kf4 Kf6 30. g4 fxg4 31. b4 Bd7 32. a3 h6 33. Bxe4 h5 34. Bd5 1-0

[Event "Africa-ch"]
[Site "Oran"]
[Date "2017.07.10"]
[Round "9"]
[White "Bouzidi, Ahmed"]
[Black "El Gindy, Essam"]
[Result "0-1"]
[WhiteElo "2193"]
[BlackElo "2448"]
[PlyCount "88"]
[EventDate "2017.07.02"]
[EventType "swiss"]
[EventRounds "9"]
[EventCountry "ALG"]
[SourceTitle "CBM 179 Extra"]
[Source "ChessBase"]
[SourceDate "2017.08.23"]
[SourceVersion "1"]
[SourceVersionDate "2017.08.23"]
[SourceQuality "1"]

1. e4 e5 2. Nf3 Nc6 3. Bb5 a6 4. Bxc6 dxc6 5. 0-0 f6 6. d4 Bg4 7. c3 Qe7 8. Be3 exd4 9. Bxd4 0-0-0 10. Nbd2 Nh6 11. b4 Nf7 12. Qe2 Ng5 13. Qe3 Bxf3 14. Nxf3 Qxe4 15. Nxg5 Qxe3 16. Bxe3 fxg5 17. Bxg5 Rd5 18. Be3 Bd6 19. Rad1 Re8 20. Rfe1 g6 21. a3 Re4 22. g3 Kd7 23. Rc1 Rc4 24. f4 Rd3 25. Bd4 c5 26. Bg7 a5 27. bxa5 Ra4 28. Rb1 Kc6 29. Re8 Rxa5 30. Rh8 Rxa3 31. Rb2 b5 32. Rxh7 b4 33. cxb4 cxb4 34. Rh8 b3 35. Rb8 Kd5 36. Kf2 c5 37. Rb6 Bc7 38. Rxg6 c4 39. Ke2 Ba5 40. Rg5+ Kc6 41. Bf8 Rd6 42. Bxd6 Kxd6 43. Rg8 Kc6 44. Rb8 Ra2 0-1

[Event "Africa-ch"]
[Site "Oran"]
[Date "2017.07.06"]
[Round "5"]
[White "Cawdery, Daniel"]
[Black "El Gindy, Essam"]
[Result "1-0"]
[WhiteElo "2426"]
[BlackElo "2448"]
[PlyCount "109"]
[EventDate "2017.07.02"]
[EventType "swiss"]
[EventRounds "9"]
[EventCountry "ALG"]
[SourceTitle "CBM 179 Extra"]
[Source "ChessBase"]
[SourceDate "2017.08.23"]
[SourceVersion "1"]
[SourceVersionDate "2017.08.23"]
[SourceQuality "1"]

1. e4 c5 2. Nf3 d6 3. d4 cxd4 4. Nxd4 Nf6 5. Nc3 Nc6 6. Bg5 Bd7 7. Qd2 Nxd4 8. Qxd4 Qa5 9. Bd2 e5 10. Qd3 Rc8 11. 0-0-0 a6 12. Kb1 Qc5 13. Be3 Qc6 14. f3 h6 15. g4 Be6 16. h4 b5 17. Bh3 Nd7 18. Nd5 a5 19. Bf1 Be7 20. Rh2 Rb8 21. Nxe7 Kxe7 22. Rhd2 h5 23. g5 Rhc8 24. Qxd6+ Qxd6 25. Rxd6 Rc7 26. a4 Bc4 27. Bh3 Rbb7 28. axb5 Bxb5 29. R1d2 a4 30. R6d5 Bc6 31. Ra5 Rb5 32. Rxb5 Bxb5 33. Rd5 Bc6 34. Ra5 f6 35. gxf6+ gxf6 36. Ra7 Rxa7 37. Bxa7 Kf7 38. Kc1 Nf8 39. Kd2 Ng6 40. Bf2 Ne7 41. Bg3 Bb5 42. f4 exf4 43. Bxf4 Ng6 44. Bg3 Ne7 45. Ke3 Nc6 46. Bc7 Ke7 47. Bf5 Kf7 48. Bd7 Ke7 49. c4 Kxd7 50. cxb5 Na7 51. b6 Nb5 52. Kf4 Nd4 53. e5 f5 54. Kg5 Ne6+ 55. Kf6 1-0

[Event "Africa-ch"]
[Site "Oran"]
[Date "2017.07.04"]
[Round "4"]
[White "El Gindy, Essam"]
[Black "Arab, Adlane"]
[Result "1/2-1/2"]
[WhiteElo "2448"]
[BlackElo "2476"]
[PlyCount "22"]
[EventDate "2017.07.02"]
[EventType "swiss"]
[EventRounds "9"]
[EventCountry "ALG"]
[SourceTitle "CBM 179 Extra"]
[Source "ChessBase"]
[SourceDate "2017.08.23"]
[SourceVersion "1"]
[SourceVersionDate "2017.08.23"]
[SourceQuality "1"]

1. d4 Nf6 2. c4 e6 3. Nc3 d5 4. Bf4 Nh5 5. Bc1 Nf6 6. Nf3 Be7 7. Bf4 Nh5 8. Bc1 Nf6 9. Bf4 Nh5 10. Bc1 Nf6 11. Bf4 Nh5 1/2-1/2

[Event "Africa-ch"]
[Site "Kampala"]
[Date "2016.07.23"]
[Round "8"]
[White "James, Madol Panchol"]
[Black "El Gindy, Essam"]
[Result "0-1"]
[WhiteElo "2037"]
[BlackElo "2431"]
[PlyCount "33"]
[EventDate "2016.07.17"]
[EventType "swiss"]
[EventRounds "9"]
[EventCountry "UGA"]
[SourceTitle "CBM 173 Extra"]
[Source "ChessBase"]
[SourceDate "2016.08.29"]
[SourceVersion "1"]
[SourceVersionDate "2016.08.29"]
[SourceQuality "1"]

1. e4 c5 2. Nf3 Nc6 3. d4 cxd4 4. Nxd4 e5 5. Nb5 d6 6. c4 Be7 7. N1a3 a6 8. Nc3 h6 9. Nc2 Bg5 10. Bxg5 hxg5 11. Qd2 Be6 12. 0-0-0 Rc8 13. Qxd6 Qxd6 14. Rxd6 Nf6 15. Ne3 Na5 16. b3 Ke7 17. Rb6 0-1

[Event "Africa-ch"]
[Site "Kampala"]
[Date "2016.07.21"]
[Round "6"]
[White "El Gindy, Essam"]
[Black "Arab, Adlane"]
[Result "1/2-1/2"]
[WhiteElo "2431"]
[BlackElo "2482"]
[PlyCount "120"]
[EventDate "2016.07.17"]
[EventType "swiss"]
[EventRounds "9"]
[EventCountry "UGA"]
[SourceTitle "CBM 173 Extra"]
[Source "ChessBase"]
[SourceDate "2016.08.29"]
[SourceVersion "1"]
[SourceVersionDate "2016.08.29"]
[SourceQuality "1"]

1. d4 Nf6 2. c4 e6 3. Nc3 d5 4. cxd5 exd5 5. Bg5 c6 6. Qc2 Na6 7. a3 Nc7 8. e3 Ne6 9. Bh4 Be7 10. Bd3 g6 11. Nf3 0-0 12. 0-0 Ng7 13. b4 a6 14. Rab1 Bf5 15. Na4 Ne4 16. Bxe7 Qxe7 17. Nc5 Nd6 18. Nd2 Rae8 19. Rfe1 Bxd3 20. Qxd3 Ngf5 21. a4 Nh4 22. a5 Kg7 23. f3 Qg5 24. Re2 Re7 25. e4 Rfe8 26. Rbe1 dxe4 27. fxe4 Nb5 28. Kh1 Rd8 29. Ndb3 Qh5 30. Qd2 g5 31. Rf2 Ng6 32. Ref1 Nf4 33. Rf3 Nd6 34. Qc2 Qg6 35. g3 Nd5 36. Nd2 g4 37. Rb3 Rde8 38. Re1 f6 39. Qd3 Nc7 40. Rbb1 Ncb5 41. Re2 Nf7 42. Rbe1 Rd8 43. Ndb3 Ne5 44. Qe3 Nf3 45. Rd1 Rde8 46. Rf1 Nd6 47. e5 fxe5 48. dxe5 Rxe5 49. Qc3 Kg8 50. Rxe5 Rxe5 51. Nd2 Re1 52. Rxe1 Nxe1 53. Qe3 Nf3 54. Nxf3 gxf3 55. Qb3+ Nf7 56. Kg1 Qd6 57. Kf2 Qd2+ 58. Kxf3 Qxh2 59. Qe6 Qh1+ 60. Kf2 Qh2+ 1/2-1/2

[Event "Africa-ch"]
[Site "Kampala"]
[Date "2016.07.19"]
[Round "4"]
[White "Cawdery, Daniel"]
[Black "El Gindy, Essam"]
[Result "0-1"]
[WhiteElo "2412"]
[BlackElo "2431"]
[PlyCount "155"]
[EventDate "2016.07.17"]
[EventType "swiss"]
[EventRounds "9"]
[EventCountry "UGA"]
[SourceTitle "CBM 173 Extra"]
[Source "ChessBase"]
[SourceDate "2016.08.29"]
[SourceVersion "1"]
[SourceVersionDate "2016.08.29"]
[SourceQuality "1"]

1. e4 c5 2. Nf3 Nc6 3. Nc3 e5 4. Bc4 Be7 5. d3 d6 6. Nd2 Nf6 7. Nf1 Bg4 8. Qd2 Be6 9. Ne3 0-0 10. Ncd5 Rb8 11. a4 h6 12. 0-0 Nh5 13. Qd1 Nf6 14. c3 Nh7 15. g3 Bf6 16. Qf3 Bg5 17. h4 Bxe3 18. Bxe3 Kh8 19. Qg2 Qd7 20. Kh2 f5 21. exf5 Bxf5 22. f3 Nf6 23. Nxf6 Rxf6 24. g4 d5 25. Bb5 Bh7 26. Bxc5 a6 27. Bxc6 Qxc6 28. d4 Re6 29. a5 Rbe8 30. b4 Bd3 31. dxe5 Bxf1 32. Rxf1 Rxe5 33. Rf2 Qb5 34. Bd4 Re2 35. Kh3 Qd3 36. Rxe2 Rxe2 37. Qh1 Kg8 38. Kg3 Qd2 39. h5 Re1 40. Qh2 Qd3 41. Qa2 Qc4 42. Qd2 Qc7+ 43. Qf4 Qd7 44. Qb8+ Re8 45. Qf4 Rf8 46. Qe5 Qf7 47. Qe3 Re8 48. Qf4 Qe6 49. Qd2 Qe7 50. Kg2 Qe2+ 51. Qxe2 Rxe2+ 52. Kg3 Kf7 53. f4 g6 54. hxg6+ Kxg6 55. Kf3 Re1 56. Kf2 Re4 57. Kf3 Kh7 58. Kg3 Re1 59. Kf2 Re8 60. Kf3 Re4 61. Kg3 Kg8 62. Kh3 Re1 63. Kg2 Rd1 64. Kg3 Rd3+ 65. Kg2 Kf8 66. Kf2 Kf7 67. Kg2 Kg8 68. Kf2 h5 69. g5 h4 70. g6 Rg3 71. Bf6 Rg4 72. Kf3 h3 73. Kxg4 h2 74. Bd4 h1Q 75. Kg5 Qg2+ 76. Kf6 Qg4 77. Be5 d4 78. cxd4 0-1

[Event "Africa-ch"]
[Site "Cairo"]
[Date "2015.05.06"]
[Round "5"]
[White "El Gindy, Essam"]
[Black "Kayonde, Andrew"]
[Result "1-0"]
[WhiteElo "2450"]
[BlackElo "2374"]
[PlyCount "37"]
[EventDate "2015.05.02"]
[EventType "swiss"]
[EventRounds "9"]
[EventCountry "EGY"]
[SourceTitle "CBM 166 Extra"]
[Source "ChessBase"]
[SourceDate "2015.06.18"]
[SourceVersion "1"]
[SourceVersionDate "2015.06.18"]
[SourceQuality "1"]

1. d4 d5 2. c4 dxc4 3. e4 e5 4. Nf3 exd4 5. Bxc4 Bb4+ 6. Nbd2 Nc6 7. 0-0 Qf6 8. e5 Qg6 9. Qb3 Be6 10. a3 Bxd2 11. Qxb7 Bxc4 12. Qxa8+ Kd7 13. Bxd2 Bd5 14. e6+ Qxe6 15. Rfe1 Ne5 16. Nxe5+ Qxe5 17. Qf8 Nf6 18. Qxh8 Qf5 19. Qxg7 1-0

[Event "Africa zt 4.2"]
[Site "Kamwokya"]
[Date "2015.04.23"]
[Round "7"]
[White "Ssegwanyi, Arthur"]
[Black "El Gindy, Essam"]
[Result "1/2-1/2"]
[WhiteElo "2322"]
[BlackElo "2469"]
[PlyCount "65"]
[EventDate "2015.04.18"]
[EventType "swiss"]
[EventRounds "9"]
[EventCountry "UGA"]
[SourceTitle "CBM 166 Extra"]
[Source "ChessBase"]
[SourceDate "2015.06.18"]
[SourceVersion "1"]
[SourceVersionDate "2015.06.18"]
[SourceQuality "1"]

1. e4 c5 2. Nf3 Nc6 3. Nc3 e5 4. Bc4 d6 5. d3 Be7 6. 0-0 Bg4 7. h3 Bh5 8. Nd5 Nf6 9. c3 Qd7 10. Nxe5 Nxe5 11. Nxf6+ Bxf6 12. Qxh5 0-0 13. Bf4 Nxc4 14. dxc4 Rfe8 15. Qd5 Be5 16. Bxe5 Rxe5 17. Qd3 Rae8 18. f3 R8e6 19. Rad1 h5 20. Qc2 Qe7 21. Rd5 Rg6 22. Rfd1 Qh4 23. Rxe5 dxe5 24. Kf1 b6 25. Rd7 Rf6 26. Rd5 Qf4 27. Kg1 Rg6 28. Kh1 Qg3 29. Qd2 Rf6 30. Rd7 g5 31. Re7 h4 32. Re8+ Kg7 33. Qd8 1/2-1/2

[Event "Africa zt 4.2"]
[Site "Kamwokya"]
[Date "2015.04.20"]
[Round "4"]
[White "Kawuma, Patrick"]
[Black "El Gindy, Essam"]
[Result "1/2-1/2"]
[WhiteElo "2232"]
[BlackElo "2469"]
[PlyCount "126"]
[EventDate "2015.04.18"]
[EventType "swiss"]
[EventRounds "9"]
[EventCountry "UGA"]
[SourceTitle "CBM 166 Extra"]
[Source "ChessBase"]
[SourceDate "2015.06.18"]
[SourceVersion "1"]
[SourceVersionDate "2015.06.18"]
[SourceQuality "1"]

1. c4 c5 2. Nc3 Nc6 3. Nf3 e5 4. e3 d6 5. d4 Bg4 6. Be2 Nf6 7. d5 Nb8 8. 0-0 Be7 9. e4 0-0 10. Be3 Ne8 11. Ne1 Bc8 12. Nd3 f5 13. f4 exf4 14. Bxf4 g5 15. Bd2 f4 16. e5 dxe5 17. Nxe5 Bf6 18. Ng4 Bd4+ 19. Kh1 Nd6 20. Bd3 Kg7 21. Nf2 Rf6 22. Ng4 Rf8 23. Nf2 Bf5 24. Nce4 Nxe4 25. Bxe4 Nd7 26. Qc2 Qf6 27. Rae1 Ne5 28. Bc3 Rac8 29. b3 Bxc3 30. Qxc3 Ng6 31. Qxf6+ Rxf6 32. Bxf5 Rxf5 33. Ne4 Re5 34. Nd6 Rb8 35. Rxe5 Nxe5 36. Re1 Ng6 37. Re8 Rxe8 38. Nxe8+ Kf8 39. Nd6 b6 40. Nc8 Ne5 41. Nxa7 Kf7 42. Kg1 Kf6 43. Nb5 g4 44. Nd6 Nd7 45. Kf2 h5 46. Ke2 Ke5 47. Nf7+ Kf6 48. Kd3 Kf5 49. Nd6+ Ke5 50. Ne4 Kf5 51. Nf2 Ne5+ 52. Ke2 f3+ 53. Kf1 Kf4 54. d6 Nd7 55. Nd1 h4 56. Nc3 fxg2+ 57. Kxg2 Ke5 58. Nd5 Kxd6 59. Ne3 g3 60. hxg3 hxg3 61. Kxg3 Ke5 62. Kf3 Kd4 63. Kf4 Kc3 1/2-1/2

[Event "Francophone op 2nd"]
[Site "Beirut"]
[Date "2014.06.05"]
[Round "7"]
[White "Van Hoolandt, Patrick"]
[Black "El Gindy, Essam"]
[Result "1/2-1/2"]
[WhiteElo "2204"]
[BlackElo "2484"]
[PlyCount "67"]
[EventDate "2014.05.31"]
[EventType "swiss"]
[EventRounds "9"]
[EventCountry "LBN"]
[SourceTitle "EXT 2015"]
[Source "ChessBase"]
[SourceDate "2014.11.20"]
[SourceVersion "1"]
[SourceVersionDate "2014.11.20"]
[SourceQuality "1"]

1. d4 Nf6 2. c4 g6 3. Nc3 Bg7 4. e4 d6 5. Nf3 0-0 6. Be3 Nbd7 7. h3 e5 8. d5 a5 9. Be2 Nh5 10. g3 Nc5 11. Nd2 Nf6 12. g4 c6 13. g5 Nfd7 14. h4 a4 15. b4 axb3 16. axb3 Rxa1 17. Qxa1 Na6 18. Qa3 c5 19. Nb5 Ndb8 20. f3 Nb4 21. Qb2 N8a6 22. Nb1 f6 23. Kd2 Nc7 24. Nxc7 Qxc7 25. Nc3 f5 26. Qa3 b6 27. Nb5 Qd7 28. Nc3 Bb7 29. Qa4 Qxa4 30. Nxa4 Rb8 31. Kc3 Kf7 32. Kb2 Ke7 33. Bf2 Rf8 34. Rf1 1/2-1/2

[Event "Francophone op 2nd"]
[Site "Beirut"]
[Date "2014.06.04"]
[Round "6"]
[White "El Gindy, Essam"]
[Black "Legky, Nikolay A"]
[Result "1/2-1/2"]
[WhiteElo "2484"]
[BlackElo "2386"]
[PlyCount "59"]
[EventDate "2014.05.31"]
[EventType "swiss"]
[EventRounds "9"]
[EventCountry "LBN"]
[SourceTitle "EXT 2015"]
[Source "ChessBase"]
[SourceDate "2014.11.20"]
[SourceVersion "1"]
[SourceVersionDate "2014.11.20"]
[SourceQuality "1"]

1. d4 d5 2. c4 dxc4 3. e3 Nf6 4. Bxc4 e6 5. Nf3 c5 6. 0-0 Nc6 7. Qe2 cxd4 8. Rd1 Be7 9. exd4 0-0 10. Nc3 Na5 11. Bd3 b6 12. Ne5 Bb7 13. Qe3 Nd5 14. Qh3 f5 15. Ne2 Rc8 16. Bd2 Bf6 17. Rac1 Qe7 18. Bb5 a6 19. Bd3 Rxc1 20. Rxc1 Rc8 21. Rxc8+ Bxc8 22. Nc4 Nxc4 23. Bxc4 Bb7 24. Qg3 b5 25. Bb3 Qd8 26. Kf1 Kf7 27. Qh3 Kg8 28. Qg3 Kf7 29. Qh3 Kg8 30. Qg3 1/2-1/2